[Event "EU-ch 16th"]
[Site "Jerusalem"]
[Date "2015.03.05"]
[Round "9"]
[White "Sjugirov, Sanan"]
[Black "Lupulescu, Constantin"]
[Result "1-0"]
[WhiteElo "2678"]
[BlackElo "2626"]
[Annotator "Marin,M"]
[PlyCount "101"]
[EventDate "2015.02.24"]
[EventType "swiss"]
[EventRounds "11"]
[EventCountry "ISR"]
[SourceTitle "CBM 166"]
[Source "ChessBase"]
[SourceDate "2015.05.11"]
[SourceVersion "1"]
[SourceVersionDate "2015.05.11"]
[SourceQuality "1"]

1. d4 Nf6 2. c4 e6 3. Nf3 d5 4. Nc3 c5 5. cxd5 cxd4 6. Qxd4 exd5 7. e4 {
This is the modern treatment of the line, but also the way two of Keres'
opponents reacted in Zurich 1953. Rather than playing against the Isolani,
White aims at rapid piece development.} Nc6 8. Bb5 dxe4 (8... Nxe4 9. O-O Nf6
10. Bg5 (10. Qa4 $5 {may be more effective.} Be7 11. Nd4 Bd7 12. Nxc6 bxc6 13.
Bxc6 Rb8 14. Rd1 Rb4 15. Bxd7+ Qxd7 16. Qxd7+ Kxd7 17. b3 $14 {1/2-1/2 (26)
Lukacs,P (2465)-Antunes,A (2390) Almada 1988}) (10. Re1+ Be7 11. Qe5 $2 O-O $1
$17 {Geller,E-Keres,P Zuerich 1953 (0-1, 27) Geller overlooked that} 12. Bxc6 {
does not win a piece due to} Bd6 $1) 10... Be7 11. Bxf6 Bxf6 12. Qc5 Be6 13.
Bxc6+ bxc6 14. Qxc6+ Kf8 15. Rad1 Rc8 16. Qa4 Rc7 (16... g6 17. Qxa7 Kg7 18.
Nd4 Bg4 19. f3 Rc7 20. Qb6 Rc4 21. Qxd8 Rxd8 22. Nce2 Bd7 23. b3 $14) 17. Nd4
g6 18. Rfe1 Bg4 19. f3 Bc8 $13 {Tregubov,P (2649)-Ginsburg,G (2537) Germany
2010 (1-0, 31). The blockade is not too effective against two bishops.}) ({
In the last round in Zurich, Keres deviated with} 8... a6 9. Bxc6+ bxc6 10. Ne5
$5 (10. exd5 cxd5 11. O-O Be7 12. Ne5 $36 {looks OK as in Masek,M (2220)
-Hausner,I (2432) Prague 2005 (1/2-1/2, 46)}) 10... Bb7 11. exd5 Nxd5 (11...
cxd5 12. Qa4+ $16) 12. O-O Be7 {Any developing move would yield White some
advantage due to Black's weaknesses.} 13. Nxc6 $6 ({But if White was in an
attacking mood, he should have played} 13. Bh6 $5 {[%csl Rh8][%cal Gg7h6,Ge5c6]
} Bf6 14. Nxd5 Qxd5 15. Qxd5 cxd5 16. Ng4 Bxb2 17. Rab1 gxh6 18. Rxb2 $14)
13... Bxc6 14. Qxg7 Rf8 15. Re1 Qd6 16. Nxd5 (16. Ne4 {1/2-1/2 Najdorf,M-Keres,
P Zuerich 1953. Suddenly, both opponents lost the will to play on. Najdorf
understood things had not gone his way, while Keres must have been content
with tying for second.} Qg6 {leaves White simply worse.}) 16... Bxd5 17. Bh6
O-O-O 18. Qc3+ Kb7 19. Bxf8 Bxf8 $13 {[%csl Rb7,Gd5,Gf8]}) 9. Qxd8+ Kxd8 10.
Ng5 Be6 {This queenless middlegame is very pleasant for White, due to the
uncastled black king. But in practice Black has generally managed to reach a
draw.} 11. Bxc6 (11. O-O Bb4 12. Ncxe4 Nxe4 13. Nxe4 Ke7 14. Be3 Rhd8 15. Ba4
Kf8 16. a3 Be7 17. Nc5 Bxc5 18. Bxc5+ Kg8 19. Rfd1 Na5 (19... f6 {1/2-1/2 (38)
Vachier Lagrave,M (2768)-Wang,Y (2718) Tromso 2014 CBM 162 [Krasenkow,M]}) 20.
Rxd8+ Rxd8 21. Rd1 Rxd1+ 22. Bxd1 Nc4 {1/2-1/2 (41) Lenic,L (2637)-Edouard,R 
(2653) Warsaw 2013 CBM 158 [Edouard,R]}) 11... bxc6 12. Nxe6+ fxe6 13. Ke2 (13.
Bg5 Bb4 14. O-O-O+ Kc7 15. Bxf6 (15. Rhe1 Nd5 16. Kc2 Rhf8 17. Bh4 e3 18. Bg3+
Kb7 19. fxe3 Rad8 {1/2-1/2 (84) L'Ami,E (2627)-Sokolov,I (2663) Wijk aan Zee
2013}) 15... gxf6 16. Nxe4 Rhg8 (16... f5 17. Nd2 {1/2-1/2 (17) Sokolov,I 
(2650)-Edouard,R (2692) Saint Quentin 2014}) 17. Rd4 Be7 18. Rhd1 Rad8 {
1/2-1/2 (32) Vallejo Pons,F (2698)-Wei,Y (2634) Leon 2014}) 13... Bb4 14. Rd1+
Ke7 15. Rd4 $146 {Not an impressive novelty.} (15. Na4 Rhd8 16. Be3 Rxd1 17.
Rxd1 Bd6 (17... Nd5 18. Rd4 Nxe3 19. Kxe3 Rb8 20. Rxe4 Bd6 21. h3 Rb5 {Gelfand,
B (2743)-Wang,Y (2720) Beijing 2014 (1-0, 46)}) 18. Rc1 Kd7 19. Rc4 {Gelfand,B
(2747)-Lysyj,I (2691) Jurmala 2015 (1/2-1/2, 35)}) 15... Bxc3 16. bxc3 Rhb8 17.
Ba3+ Kf7 18. Ra4 Nd5 {The knight stands well on f6, defending the e4-pawn. But
the last move is not wrong yet, only the small tactical trick prepared by
Lupulescu is inaccurate.} (18... a5 $5 {[%cal Ga8a6]}) 19. Rc1 Rb1 $6 {
Petrosian,T (2640)-Portisch,L (2645) Candidates qf2 1974 (13) 1-0 Nice, but
misplacing the knight completely. I unwillingly remember Portisch' spectacular
but unfortunate ...Qf4, leading to similar consequences in} (19... Rb5 20. g3 (
20. c4 Nf4+ 21. Ke3 Nxg2+) 20... Nb6 21. Ra6 (21. Rxe4 Ra5 $15) 21... Nc4 22.
Rd1 Nxa3 23. Rxa3 a5 $11) 20. Rxb1 Nxc3+ 21. Ke3 Nxa4 22. Rb7+ Kf6 23. Kxe4 c5
24. Ke3 (24. Kd3 $5 {looks a bit more natural, keeping more options for the
king.}) 24... c4 $6 {There was no need to weaken the pawn, since it cannot
become threatening. Any neutral move would have been safer.} (24... a6 $5) 25.
Rc7 c3 26. Ke4 $14 Rb8 $6 (26... g5 27. Rc4 (27. Rxh7 Nb6 $1 {[%cal Gb6d5]
would allow Black to achieve a perfect regrouping.}) 27... Nb6 28. Rxc3 Nd5 $14
) 27. Rc4 (27. Rxa7 {was entirely possible and quite strong.} Nb2 28. Bd6 {
[%csl Gg7][%cal Gd6e5]} Rb5 29. Rc7 Na4 30. f4 $16) 27... Nb6 28. Rxc3 Rb7 29.
Bd6 Nd5 30. Rf3+ Kg6 31. Ke5 $16 {Apart from the typical superiority of the
bishop over the knight, White is very active and the e6-pawn is weak.} Nc7 32.
a4 $6 ({White misses an excellent opportunity to simplify to a probably won
ending:} 32. Rb3 $1 Rxb3 33. axb3 Nb5 34. Bc5 Kf7 {The knight cannot move
because it would open the king's access to the a-pawn, and the king is
immobile for defending the e6-pawn. This creates the idea of Zugzwang.} 35. h3
{White should spare as many tempi as he can, since it would not be good to
need weakening his structure with f2-f3 for reaching the Zugzwang. In that
case, Black might get some counterplay with his knight.} a6 36. h4 g6 37. g3 h5
38. Bb4 Nc7 39. Bd6 Nb5 40. Bc5 {A small "triangle", renewing the Zugzwang
with the d4-square defended.} Nc7 41. Kd6 Nd5 42. Kc6 $18) 32... Ne8 33. Bc5
Rc7 34. Bd4 Rc6 35. a5 {I would have thought of keeping the a5-square free for
the rook.} (35. Rg3+ Kf7 36. Rb3 Rc7 37. Rb5 a6 38. Rc5 Rd7 39. h4 Nf6 40. f3
$16) 35... Nd6 $5 {Black had enough of passive defence.} (35... a6 $2 36. Rc3
$1 Rxc3 37. Bxc3 Kf7 38. Bb4 g5 39. Kd4 $18) (35... Ra6 $5 36. Ra3 Nf6) 36.
Kxe6 {White embarks on a forced line leading to a pleasant, but not won, pawn
ending.} (36. Bxa7 Nc4+ 37. Kf4 Nxa5) ({He could have kept some tension with,
say} 36. Rd3 $5 Kf7 (36... Nc4+ 37. Ke4 Nxa5 38. Rg3+ $16) 37. Bc3 Nc4+ 38. Kf4
$14 e5+ {does not solve all Black's problems:} 39. Bxe5 Nxe5 40. Kxe5 Ke7 41.
f4 Rc2 42. g4 Rxh2 $6 43. Rb3 $1 {[%cal Gb3b7]}) 36... Nf5+ 37. Ke5 Nxd4 38.
Rg3+ (38. Kxd4 Rc2 $44) 38... Kf7 39. Kxd4 Rc2 40. Rb3 Rxf2 41. Rf3+ Rxf3 42.
gxf3 {The white king is very active, but winning the a-pawn does not guarantee
a win since Black can keep the white king captive on the a-file. But there are
some more subtleties on the way...} Ke6 43. Kc5 Kd7 {Unnecessarily passive,
but not losing yet.} ({A sample drawing line goes:} 43... g5 44. Kc6 h5 45. Kb7
(45. h3 Ke5 46. Kb7 Kd6 47. Kxa7 Kc7 48. a6 h4 $11) (45. a6 g4 46. fxg4 hxg4
47. Kb7 Kd7 48. Kxa7 Kc7 $11) 45... Kd6 46. Kxa7 Kc6 $3 47. Ka6 (47. Kb8 Kb5
$11) 47... g4 48. fxg4 hxg4 49. Ka7 Kc7 $11) 44. Kd5 Kc7 $2 {But this is
pushing things too far.} (44... Ke7 45. f4 Kd7 $11) 45. Ke6 $18 Kb7 46. Kf7 g5
47. Kf6 h6 48. Kg6 Ka6 49. Kxh6 Kxa5 50. Kxg5 Kb5 51. h4 (51. h4 a5 52. h5 a4
53. h6 a3 54. h7 a2 55. h8=Q {[%cal Gh8a1]}) 1-0

[Event "Metz op 31th"]
[Site "Metz"]
[Date "2013.04.24"]
[Round "4"]
[White "Bauer, Christian"]
[Black "Greenfeld, Alon"]
[Result "1/2-1/2"]
[WhiteElo "2637"]
[BlackElo "2545"]
[Annotator "Metz Alekhine/Primel,D"]
[PlyCount "60"]
[EventDate "2013.04.20"]
[EventType "swiss"]
[EventRounds "9"]
[EventCountry "FRA"]
[SourceTitle "EXT 2016"]
[Source "ChessBase"]
[SourceDate "2015.10.08"]
[SourceVersion "1"]
[SourceVersionDate "2015.10.08"]
[SourceQuality "1"]
[TimeControl "40/5400:1800+30"]
[WhiteClock "1:30:00"]
[BlackClock "1:30:00"]

1. c4 Nf6 2. Nc3 c5 3. g3 e6 4. Nf3 Nc6 5. Bg2 d5 6. cxd5 Nxd5 7. O-O Be7 8. d4
{Transposant dans une semi Tarrasch qui est assez populaire depuis son
utilisation par Kramnik} O-O 9. Nxd5 exd5 10. dxc5 (10. Be3 c4 11. Ne5) 10...
Bxc5 11. Bg5 (11. a3 $5 {[%cal Gb2b4]} Bf5 12. b4 Bb6 13. Ra2 $1 (13. Bb2 Be4)
13... Be4 14. Rd2 Qe7 15. Bb2 $14 {Portisch,L (2630)-Spassky,B (2630) Bugojno
1978 (6) 1/2-1/2}) (11. Qc2 Bb6 12. Ng5 g6 13. Qd2 {[%cal Gd2d5]} d4 14. Qf4
$14 {Santos,L (2365)-Milos,G (2410) Poznan 1983 (6) 1-0}) 11... Qd7 (11... f6 {
La grande ligne} 12. Bd2 Be6 (12... Bf5)) 12. Ne1 Re8 {[%csl Re2] L'israélien
avait suggéré cette idée, il y a quelques années et il est intéressant de
voir son traitement de l'ouverture.} 13. Nd3 (13. Qxd5 Qxd5 14. Bxd5 Rxe2) (13.
Rc1) 13... Bb6 14. Bd2 {le Bg5 " tapait dans le vide" et il est utile de le
recycler} Qd6 15. Bf4 $5 Qf6 16. Be3 $1 Bg4 (16... Bxe3 17. fxe3 {L'idée de
la nouveauté} Qe7 18. Qd2 Qxe3+ 19. Qxe3 Rxe3 20. Bxd5 Re7 21. Rxf7 $1 Rxf7
22. Rf1 Nd8 23. Ne5 $32 {[%csl Ra8,Rc8,Gd5]}) 17. h3 $6 {perd un P sans
réelles compensations} (17. Qd2 $5 d4 18. Bg5 Rxe2 19. Qxe2 Bxe2 20. Bxf6 gxf6
21. Nf4 Bxf1 22. Kxf1 Re8 $11) 17... d4 18. Bg5 Qxg5 19. hxg4 Qxg4 20. Bf3 Qh3
21. Rc1 Ne5 22. Bg2 Qh5 23. Nxe5 Qxe5 24. Bxb7 {les Blancs ont récupéré le
P mais le P"d4" donne un petit avantage d'espace aux Noirs mais ils doivent
éviter les échanges de pièces lourdes} Rad8 $36 {[%csl Gd4,Re2][%cal Gd4d3,
Ge5g3,Gb6g1]} 25. Kg2 (25. Re1 d3 $1 26. exd3 Qxg3+) 25... Qxe2 26. Rc2 d3 27.
Qxe2 Rxe2 28. Rxe2 dxe2 29. Re1 Rd2 30. Bf3 {(=)} Rxb2 {Curieusement, les
Noirs ont refusé la nulle au coup précédent avant de la proposer} 1/2-1/2

[Event "Minneapolis HB Global op"]
[Site "Minneapolis"]
[Date "2005.05.21"]
[Round "6"]
[White "Sokolin, Leonid M"]
[Black "Adianto, Utut"]
[Result "0-1"]
[WhiteElo "2513"]
[BlackElo "2588"]
[Annotator "Mikhalevski,V"]
[PlyCount "66"]
[EventDate "2005.05.18"]
[EventType "swiss"]
[EventRounds "9"]
[EventCountry "USA"]
[SourceTitle "CBM 107"]
[Source "ChessBase"]
[SourceDate "2005.08.01"]
[SourceVersion "1"]
[SourceVersionDate "2005.08.01"]
[SourceQuality "1"]

1. Nf3 Nf6 2. c4 e6 3. g3 d5 4. Bg2 c5 5. cxd5 Nxd5 6. O-O Be7 7. d4 O-O 8. Nc3
Nxc3 9. bxc3 Nc6 10. e4 cxd4 11. cxd4 {In this line White gets a strong centre
(e4-d4-pawns), but Black from the other side has a comfortable development 
(after b6). He usually has a chance to attack the d4-pawn, but what is more
important is that he can try to exploit weakness of the c4-square. The
manoeuvre Na5-c4 is also very common in these positions.} Bf6 {Black attacks
the centre and also prevents d5.} ({The line} 11... b6 12. d5 {was popular in
the 70s and 80s.} ({Nowadays White prefer other ways. F.e.} 12. Bb2 $5 Ba6 13.
Re1 Bb4 14. Re3 Na5 15. Qa4 Be7 16. d5 {The point of 12.Bb2.} Bc5 17. Bd4 Rc8
18. Rc3 Bxd4 19. Qxd4 Rxc3 20. Qxc3 exd5 21. Rd1 $1 d4 (21... Bc4 $5) 22. Nxd4
Bc4 $2 23. Bf1 $1 Qc7 (23... Bxf1 $2 24. Ne6 $1 $18 {[%csl Rd8,Rf8,Rg7]}) 24.
Rc1 Rc8 25. Nb3 $18 {1-0 Greenfeld,A-Gwaze,R/Jersey 2004/EXT 2005 (31). (30)}))
12. Be3 ({Another option is to develop the bishop to b2.} 12. Bb2 $5 b6 13. Rb1
Bb7 14. d5 exd5 15. exd5 Na5 16. Ne5 $14 {1-0 Vaulin,A-Shariyazdanov,A/Perm
1997/EXT 2000 (35). (34)}) 12... Qa5 {[%cal Gf8d8] A very uncommon line. Black
leaves the d8-square for the king's rook in order to create pressure on the
White's centre.} (12... Na5 {[%csl Rc4][%cal Ga5c4] also makes sense:} 13. Qe2
Bd7 14. Rac1 $6 (14. Rfc1 $5) 14... a6 $1 15. Rfd1 Bb5 16. Qe1 Nc4 $11 {
1-0 Ju Wenjun-Meenakshi,S/Beirut LIB 2004/The Week in Chess 529 (29). (28)}) (
12... b6 {is more popular though the entire line is not very popular in
general.} 13. Qd3 Bb7 14. Rad1 Rc8 15. Rfe1 $2 (15. a3 $5 {[%csl Rb4]}) 15...
Nb4 $1 16. Qd2 Nc2 $17 {[%csl Re1,Re4] 0-1 Schussler,H-Christiansen,L/
Reykjavik 1984/MCD (29). (29)}) 13. Rc1 $5 {White sacrifices a pawn in order
to win some time for mobilizing his pieces. The main idea is to prevent b6.} (
13. Qb3 b5 14. Rac1 Bd7 15. d5 exd5 16. Qxd5 Rfd8 17. e5 Nb4 18. Qe4 Be7 19.
Ng5 g6 20. Qh4 h5 21. Bxa8 Rxa8 22. Qe4 Rd8 23. e6 f5 24. Qb7 {1-0 Heilinger,
D-Schmid,S/Austria 1998/EXT 2002 (24).}) 13... Rd8 {[%csl Rd4]} ({There was
nothing wrong with} 13... Qxa2 $5 14. Qd3 $1 {[%cal Gc1a1]} Qa5 15. e5 Be7 16.
Bg5 Qd8 $1 17. Bxe7 Nxe7 18. Nd2 {with some compensation for the sacrificed
pawn.}) 14. e5 (14. Rc2 $5 {[%cal Gc2d2] It was worth a try to bring the rook
to d2 and thus to support the advancing of the d-pawn.}) 14... Be7 (14... Nxe5
$2 {doesn't work in view of} 15. Nxe5 Bxe5 16. Bd2 $1 Qxa2 17. Rc2 $18 {
[%csl Re5][%cal Gd4e5] and White wins a piece.}) 15. Qb3 Bd7 $1 ({In case of} 
15... Nb4 $6 {[%cal Gb4d5]} 16. Bg5 $1 {[%csl Rd6,Rg8] is strong.} Bxg5 17.
Nxg5 Rxd4 18. Rcd1 $1 Rxd1 (18... Rd7 $5) 19. Rxd1 Nd5 20. Bxd5 (20. Qc2 $5)
20... exd5 21. Rxd5 Qe1+ 22. Kg2 Be6 23. Nxe6 fxe6 24. Rc5 {[%csl Rb7,Re6]}
Qe4+ 25. f3 Qe2+ 26. Kh3 $16) 16. Rfd1 $5 {A provoking move, which turns out
to be not bad at all.} (16. Qxb7 $4 {The b7-pawn is poisonous} Rab8 $19) (16.
Bd2 $1 {preventing Nb4 was better.} Qa6 17. Rfd1 $14 {[%cal Gg2f1]}) 16... Nb4
{[%cal Gd7a4,Gb4d5] Now the d1-rook gets under attack of the light-squared
bishop, but black pieces are getting stuck on the queenside.} ({Probably the
prophylactic} 16... Be8 $5 {had to be prefered.}) 17. Bg5 $1 {This is the
reason why I'm not sure about 16...Nb4.} (17. Bd2 $6 Ba4 $1 (17... Qxa2 18.
Qxa2 Nxa2 19. Rc7 b5 20. Ne1 Rac8 21. Rxc8 Bxc8 22. Ra1 Nb4 23. Rxa7 Bd7 $14)
18. Qa3 Rd5 $1 {Unpinning the bishop.} 19. Re1 Bc6 $11 {and Black is fine.})
17... Ba4 $6 {Black pins himself without necessity.} ({After} 17... f6 $6 18.
exf6 gxf6 {White has a brilliant tactical blow which leads to White's
advantage.} 19. Ne5 $1 fxg5 20. Nxd7 Qxa2 21. Qxa2 Nxa2 22. Rc7 $1 $14 {
[%csl Rb7,Re6] and White is better though Black has chances to survive.}) ({
Probably Black has to proceed with} 17... Bxg5 $1 {Here is a possible
continuation of play:} 18. Nxg5 h6 $1 19. Ne4 {[%cal Ge4d6,Ge4c5,Gc1c5]} Ba4
20. Qa3 b6 $1 {[%csl Rd1]} 21. Rd2 (21. Nd6 $5 Bxd1 22. Qxa5 bxa5 23. Bxa8 Rxa8
24. Rxd1 Nxa2 25. Ra1 Nb4 26. Rxa5 Nc6 27. Ra4 $14) 21... Rac8 $1 22. Nd6 Nc2
$1 (22... Be8 23. Qb2 $1 Rxc1+ 24. Qxc1 $16 {[%cal Gc1c7]}) 23. Qd3 Rc3 {
with counterchances.}) 18. Qa3 Bf8 $1 {A very optimistic approach, which is at
the same time the best practical chance. Black sacrifices an exchange for the
full control over the d5-square and a nice piece play. Petrosian would be
happy, but speaking objectively I think Black doesn't have sufficient
compensation for the exchange.} (18... Bxg5 $6 {is dangerous in view of} 19.
Nxg5 Nd5 {[%cal Gb7b5,Gb5b4,Gh7h6]} 20. Rc5 b5 21. Bxd5 $1 (21. Qf3 $2 {
doesn't work:} Bxd1 22. Qxf7+ Kh8 23. Nxe6 Qe1+ 24. Bf1 Rg8 $19) 21... exd5 22.
Qd3 $1 {[%cal Gd1c1]} (22. Rdc1 Qd2) 22... g6 (22... Bxd1 23. Qxh7+ Kf8 24.
Qh8+ Ke7 25. Qxg7 Bh5 26. Qf6+ Ke8 27. e6 $1 $18 {[%csl Re8] and White wins.})
23. Rdc1 $16) 19. Bxd8 Rxd8 20. Rd2 $1 {The only, but sufficient way to keep
an advantage.} Nd5 21. Qd3 {[%cal Gf3g5]} h6 $6 {A serious inaccuracy.} ({
I think White's task would be more difficult after} 21... Bb5 $1 22. Qe4 (22.
Qb3 Bb4 23. Rb2 a6 $1 $36) 22... Qa3 $1 23. Rdd1 Be7 (23... h6 $5 24. Bf1 Bc6
25. Bd3 (25. Qd3 Qxd3 26. Rxd3 Nb4 27. Ra3 Bd5 28. Rb1 a6 $44) 25... g6) 24.
Bf1 Bc6 25. Qd3 a5 $1 $14) 22. Rb2 $1 Bc6 23. Nd2 $1 {[%cal Gd2c4]} Qa3 24. Qb3
$1 $16 {With a series of precise moves White stabilized the position.} Qa6 {
Black has to keep the queens.} 25. Bf1 $6 (25. Nc4 $1 {[%cal Gc4e3,Gb2b1]
Preparing Ne3 after the preliminary Rbb1 in order to avoid Ba3 would be much
more convincing.}) 25... Qb6 26. Nc4 $2 {A weird move. It seems that White
simply blundered the d-pawn.} (26. Qxb6 {was better.} Nxb6 27. Nc4 $1 Rxd4 28.
Nxb6 axb6 29. Re2 $16 {[%cal Gf1g2]}) 26... Qxd4 27. Rd2 Qg4 $6 (27... Qe4 $5)
28. Na5 $1 Be8 29. Rdd1 $2 {A one-move blunder which ruins the game.} ({
After the correct} 29. Rc4 $1 Qh5 30. Qxb7 Qxe5 31. Qxa7 $16 {White would have
a clear edge.}) 29... Ba4 {[%csl Rd1]} 30. Be2 $2 {Another blunder after which
there is no way back.} ({After} 30. Rxd5 $1 exd5 (30... Bxb3 31. Rxd8 Bd5 32.
Bg2 $15) 31. Qxb7 Qd4 $15 {White could still fight.}) 30... Qxe2 31. Qxa4 Nc3
$1 $19 {Probably being in the time-trouble White missed this simple tactical
blow. Now it's over.} 32. Rxd8 (32. Rxc3 {is hopeless in view of} Rxd1+ 33. Kg2
Qf1+ 34. Kf3 Rd2 $19) 32... Nxa4 33. Rcc8 Qe1+ {[%csl Ra5]} 0-1